Statistics for Countries closest brazil a-z

Click here to take the quiz!

General Stats

  • This quiz has been taken 28 times
  • The average score is 21 of 24

Answer Stats

HintAnswer% Correct
aargentina
100%
bbolivia
100%
gguyana
96%
hhaiti
96%
jjamaica
96%
pperu/paraguay
96%
uuruguay
96%
ccolombia
93%
ffrance/french guinea
93%
ooman
93%
qqatar
93%
ssuriname
93%
vvenezuela
93%
yyemen
93%
ddominica
89%
eecuador
89%
ttrinidad and tobago
89%
nnicaragua
85%
zzambia
85%
kkiribati
70%
rrwanda
70%
lliberia
59%
iivory coast
52%
mmauritania
52%

Score Distribution

Percentile by Number Answered

Percent of People with Each Score

Your Score History

You have not taken this quiz